Vplyv životného štýlu obyvateľov na návštevnosť zariadení wellness

Prieskum realizovaný v štyroch regiónoch cestovného ruchu v SR - v Tatranskom, Liptovskom, Severopovažskom a Oravskom regióne. Výsledky prieskumu potvrdili existenciu závislosti návštevnosti zariadení wellness a životného štýlu návštevníkov. V praxi to znamená, že návštevníkmi wellness sú predovšetk...

Full description

Saved in:
Bibliographic Details
Main Author: Marčeková, Radka
Other Authors: Nedelová, Gabriela, Kučerová, Jana
Format: Book Chapter
Language:Slovak
Subjects:
Tags: Add Tag
No Tags, Be the first to tag this record!

MARC

LEADER 00000naa$a2200000$$$4500
001 0114757
005 20231016073951.3
041 0 |a slo 
044 |a SK 
245 1 0 |a Vplyv životného štýlu obyvateľov na návštevnosť zariadení wellness  |c Radka Marčeková, Gabriela Nedelová, Jana Kučerová 
520 |a Prieskum realizovaný v štyroch regiónoch cestovného ruchu v SR - v Tatranskom, Liptovskom, Severopovažskom a Oravskom regióne. Výsledky prieskumu potvrdili existenciu závislosti návštevnosti zariadení wellness a životného štýlu návštevníkov. V praxi to znamená, že návštevníkmi wellness sú predovšetkým ľudia v bežnom živote uplatňujúci zásady zdravého životného štýlu. 
610 2 0 |a štýl životný 
610 2 0 |a populácia 
610 2 0 |a oddych 
610 2 0 |a relaxácia 
610 2 0 |a prieskum informačný 
610 2 0 |a Slovensko 
100 1 |a Marčeková, Radka 
700 1 |a Nedelová, Gabriela 
700 1 |a Kučerová, Jana